000 00669nam a2200217 a 4500
001 000012294
005 20260318114930.0
008 091110r19931997mx r 001 0 spa d
020 _a9701801008
040 _aDO-SdBNP
_bspa
_cBNPHU
082 _aA863.42
_bA725j
100 1 _aArlt, Roberto,
_d1900-1942
_915634
245 1 3 _aEl juguete rabioso /
_cRoberto Arlt.
260 _aMéxico :
_bConsejo Nacional para la Cultura y las Artes,
_c1993.
300 _a157 p. ;
_c21 cm.
490 1 _aClásicos para hoy
_v16
650 4 _aNovela argentina
_93941
650 4 _aLiteratura argentina
_ySIGLO XX
_914711
830 0 _aClásicos para hoy ;
_v16
_928953
049 _aBNGR
999 _c11951
_d11951